Fundamentals of robotics : (Record no. 184002)
[ view plain ]
| 000 -LEADER | |
|---|---|
| fixed length control field | 00857 a2200193 4500 |
| 003 - CONTROL NUMBER IDENTIFIER | |
| control field | Nust |
| 005 - DATE AND TIME OF LATEST TRANSACTION | |
| control field | 20230103095517.0 |
| 010 ## - LIBRARY OF CONGRESS CONTROL NUMBER | |
| LC control number | 89030739 |
| 020 ## - INTERNATIONAL STANDARD BOOK NUMBER | |
| International Standard Book Number | 8120310470 |
| 040 ## - CATALOGING SOURCE | |
| Transcribing agency | Nust |
| 082 00 - DEWEY DECIMAL CLASSIFICATION NUMBER | |
| Classification number | 629.892,SCH |
| 100 1# - MAIN ENTRY--PERSONAL NAME | |
| Personal name | Schilling, Robert J. |
| 9 (RLIN) | 8849 |
| 245 10 - TITLE STATEMENT | |
| Title | Fundamentals of robotics : |
| Remainder of title | analysis and control / |
| Statement of responsibility, etc. | Robert J. Schilling. |
| 260 ## - PUBLICATION, DISTRIBUTION, ETC. | |
| Place of publication, distribution, etc. | Englewood Cliffs, N.J. : |
| Name of publisher, distributor, etc. | Prentice Hall, |
| Date of publication, distribution, etc. | 1990. |
| 300 ## - PHYSICAL DESCRIPTION | |
| Extent | xix, 425 p. : |
| Other physical details | ill. ; |
| Dimensions | 24 cm. |
| 505 ## - FORMATTED CONTENTS NOTE | |
| Formatted contents note | Robotic Manipulation (Page-1), Direct Kinematics: The Arm Equation(Page-25), Inverse Kinematics: Solving the Arm Equation (Page-81), Workspace Analysis and Trajectory Planning. (Page-116), Differential Motion and Statics(Page-153), Manipulator Dynamics (Page-194), Robot Control (Page-234), Robot Vision (Page-307),Task Planning. (Page-357). |
| 650 #0 - SUBJECT ADDED ENTRY--TOPICAL TERM | |
| Topical term or geographic name entry element | Robotics. |
| 942 ## - ADDED ENTRY ELEMENTS (KOHA) | |
| Source of classification or shelving scheme | |
| Koha item type | Book |
| Withdrawn status | Lost status | Source of classification or shelving scheme | Damaged status | Not for loan | Permanent Location | Current Location | Shelving location | Date acquired | Full call number | Barcode | Date last seen | Price effective from | Koha item type | Public note |
|---|---|---|---|---|---|---|---|---|---|---|---|---|---|---|
| Military College of Signals (MCS) | Military College of Signals (MCS) | General Stacks | 12/12/2016 | 629.892,SCH | MCS31833 | 12/08/2016 | 12/12/2016 | Book | Almirah No.42, Shelf No.1 |
